Chanteurs et chanteuses de musique country (par image) - Statistiques

Statistiques générales
  • Ce quiz a été pris 34 fois
  • Le résultat moyen est 5 sur 16
Statistiques - réponses
Par images Réponse % Correct
Dolly Parton
74%
Johnny Cash
59%
Willie Nelson
44%
Alan Jackson
37%
Kenny Rogers
33%
John Denver
30%
Patsy Cline
30%
Tammy Wynette
30%
Loretta Lynn
26%
Emmylou Harris
22%
Hank Williams
22%
George Jones
19%
Waylon Jennings
19%
Merle Haggard
15%
Kris Kristofferson
11%
Juice Newton
4%
Aucun quiz correspondant
Distribution des résultats
% des personnes avec chaque résultat
Percentile par nombre de réponses
Votre historique - résultats
Vous n’avez pas pris ce quiz